Szlakami legend pienińskich. : Przewodnik turystyczny. /

Uložené v:
Podrobná bibliografia
Hlavní autori: Królikiewicz, Grażyna (Author), Kruczek, Zygmunt (Author)
Médium: Kniha
Jazyk:Polish
Vydané: Warszawa-Kraków : Wydawnictwo PTTK "Kraj", 1982
Vydanie:1. vyd.
Témy:
ISBN: 8300004939 (brož.)
Fyzický popis: 70 s.
Tagy: Pridať tag
Žiadne tagy, Buďte prvý kto otaguje tento záznam!

MARC

LEADER 00000nam a2200000 a 4500
001 000093063
003 SVKK
005 20010628000000.0
008 010426s1982 pl e polo
020 |a 8300004939 (brož.) 
040 |a SVKKK  |b slo  |c SVKKK  |e AACR2 
041 0 |a pol 
044 |a pl  |c PL 
080 |a 908(234.372.4)(036)  |2 1997 
080 |a 796.5(234.372.4)(036)  |2 1997 
100 1 |a Królikiewicz, Grażyna  |4 aut 
245 1 0 |a Szlakami legend pienińskich. :  |b Przewodnik turystyczny. /  |c Grażyna Królikiewicz, Zygmunt Kruczek 
250 |a 1. vyd. 
260 |a Warszawa-Kraków :  |b Wydawnictwo PTTK "Kraj",  |c 1982 
300 |a 70 s. 
653 0 |a turistika  |2 SVKKKPH 
653 0 |a Pieniny (Poľsko)  |2 SVKKKPH 
653 0 |a sprievodca turistický  |2 SVKKKPH 
655 7 |a sprievodcovia  |2 SVKKKPH 
700 1 |a Kruczek, Zygmunt  |4 aut 
910 |a svkkk 
919 |a 83-00-00493-9 
974 |a MI  |d 20010523 
974 |a KL  |d 20010521 
974 |a TI  |d 20010628 
998 |a BK 
090 |g SCKHL  |k Sklad Zvonárska 19  |a XI.807  |j 939853  |i 2720296041  |s Vyradená